|
|
|
|
| LEADER |
00000nab a2200000 a 4500 |
| 001 |
vtls000598490 |
| 003 |
SK-MaSNL |
| 005 |
20260304091420.0 |
| 008 |
250425c1996 xo 0 slo |
| 015 |
|
|
|a SNBRB19rr/mm-uuuuu
|
| 035 |
|
|
|a CL0598629
|
| 035 |
|
|
|a urn:nbn:sk:snk-ab2bfj
|
| 035 |
|
|
|a (urnnbn)urn:nbn:sk:snk:ar-a02gek
|
| 035 |
|
|
|a (uuid)f3aad9ae-42de-4e5e-ae8a-e34943218153
|
| 040 |
|
|
|a SNKBUCL
|b slo
|c SNKBUCL
|e AACR2
|
| 041 |
0 |
|
|a slo
|
| 044 |
|
|
|a xo
|c SK
|
| 080 |
|
|
|a 301.185.3-053.6:301.15/.18
|2 1981
|
| 080 |
|
|
|a 301.15/.18
|2 1981
|
| 100 |
1 |
|
|a Hadušovská, Slávka
|4 aut
|9 376188
|
| 245 |
1 |
0 |
|a Individualizácia mládeže a modernizácia spoločnosti
|c Slávka Hadušovská
|
| 650 |
0 |
7 |
|a mládež
|2 snkbucl
|9 1575
|
| 650 |
0 |
7 |
|a spoločnosť
|2 snkbucl
|9 1013
|
| 655 |
|
7 |
|a články z novín a časopisov
|2 snkbucl
|9 267496
|
| 700 |
1 |
|
|a Macháček, Ladislav,
|d 1942-2015
|4 com
|
| 773 |
0 |
|
|t Sociológia
|g Roč. 28, č. 3 (1996), s. 283-284
|x 0049-1225
|
| 787 |
0 |
8 |
|i Rec.:
|a Macháček, Ladislav
|t Individualizácia mládeže a modernizácia spoločnosti
|d Bratislava : Sociologický ústav SAV, 1995
|
| 850 |
|
|
|a Slovenská národná knižnica
|
| 852 |
|
|
|a Slovenská národná knižnica
|
| 954 |
|
|
|a odborná, vedecká literatúra pôvodná (slovenská)
|2 lita
|
| 958 |
|
|
|a article27
|
| 958 |
|
|
|a RK
|
| 958 |
|
|
|a SK
|
| 958 |
|
|
|a OND
|
| 958 |
|
|
|a EUIPO
|
| 992 |
|
|
|a RBX
|
| 999 |
|
|
|c 2815320
|d 2817250
|